|
|
|
|
| LEADER |
00000nam a2200000Ia 4500 |
| 008 |
180607b2004 cr ||||| |||| 00| | spa d |
| 999 |
|
|
|c 1929
|d 1929
|
| 090 |
|
|
|a 06.04.08
|b 1018
|
| 100 |
|
|
|a Cascante Salas, Warner
|9 1430
|
| 245 |
1 |
0 |
|a Análisis histórico jurídico de las relaciones UCR-FUNDEVI en la Gestión de la Universidad de Costa Rica /
|c Warner Cascante Salas
|
| 260 |
|
|
|a San José, Costa Rica :
|b INIE,
|c 2004
|
| 300 |
|
|
|a 88 páginas
|
| 500 |
|
|
|a Incluye el informe parcial (2004) y final (2007) del proyecto de investigación N° 724-A4-119
|
| 520 |
|
|
|a Esta investigación tuvo como objetivo principal elaborar un insumo de tipo legal, que fortalezca la gestión universitaria, al brindar seguridad jurídica y disminuir los riesgos en las relaciones entre la Universidad de Costa Rica y FUNDEVI.
|
| 610 |
|
0 |
|9 714
|a UNIVERSIDAD DE COSTA RICA
|
| 650 |
1 |
4 |
|a ADMINISTRACIÓN UNIVERSITARIA
|9 3113
|
| 942 |
|
|
|i 001705 ,003099
|h 06.04.08 1018
|2 z
|c 04
|